| 000 | 01144cam a2200349Mu 4500 | ||
|---|---|---|---|
| 001 | 92438 | ||
| 005 | 20230410105143.0 | ||
| 008 | 070702s2007 nyu 000 0 eng d | ||
| 035 | _a(OCoLC)ocn611805886 | ||
| 040 |
_aSzZUIDS _bger _cCHVBK |
||
| 020 | _a9780801484285 | ||
| 020 | _a0801484286 | ||
| 029 | 0 |
_aCHVBK _b007131097 |
|
| 035 | _a(OCoLC)611805886 | ||
| 050 | 1 | 4 |
_aD 397 _bS675a 2007 |
| 082 | 0 | 0 | _a327.1/16/09409034 |
| 100 | 1 | _aSnyder, Glenn Herald. | |
| 245 | 1 | 0 |
_aAlliance politics / _cGlenn Herald Snyder. |
| 260 |
_aIthaca, NY : _bCornell University Press, _c2007. |
||
| 300 |
_ax, 414 p. : _bill. ; _c24 cm. |
||
| 490 | 0 | _aCornell studies in security affairs | |
| 650 | 0 |
_aWorld politics _y20th century. |
|
| 650 | 0 |
_aInternational relations _xResearch. |
|
| 651 | 0 |
_aEurope _xPolitics and government _y1871-1918. |
|
| 650 | 0 |
_aAlliances _xCase studies. |
|
| 650 | 4 |
_aPolĂtica mundial _ySiglo XX. |
|
| 650 | 4 |
_aRelaciones internacionales _xInvestigaciones. |
|
| 856 |
_uhttp://aleph.unisg.ch/hsgscan/hm00205126.pdf _zdownload (pdf) _3Inhaltsverzeichnis |
||
| 942 |
_2lcc _cbk |
||
| 994 |
_aC0 _bDRFGD |
||
| 946 | _almm | ||
| 999 |
_c31151 _d31151 |
||